L'Université et Madame de Maintenon. (Record no. 18978)
[ view plain ]
| 000 -LEADER | |
|---|---|
| fixed length control field | 00626cam a2200217 a 4500 |
| 001 - CONTROL NUMBER | |
| control field | e 10000885 |
| 003 - CONTROL NUMBER IDENTIFIER | |
| control field | DLC |
| 005 - DATE AND TIME OF LATEST TRANSACTION | |
| control field | 20260227111153.0 |
| 008 - FIXED-LENGTH DATA ELEMENTS--GENERAL INFORMATION | |
| fixed length control field | 990529s1894 fr 000 0 fre c |
| 010 ## - LIBRARY OF CONGRESS CONTROL NUMBER | |
| LC control number | e 10000885 |
| 040 ## - CATALOGING SOURCE | |
| Original cataloging agency | Library. U.S. Bur. of Education |
| Transcribing agency | DLC |
| Modifying agency | COO |
| -- | OCL |
| -- | DLC |
| 043 ## - GEOGRAPHIC AREA CODE | |
| Geographic area code | e-fr--- |
| 050 00 - LIBRARY OF CONGRESS CALL NUMBER | |
| Classification number | LC2095 |
| Item number | .L43 1894 |
| 100 1# - MAIN ENTRY--PERSONAL NAME | |
| Personal name | Sée, Camille, |
| Dates associated with a name | 1847-1919. |
| 245 02 - TITLE STATEMENT | |
| Title | L'Université et Madame de Maintenon. |
| 250 ## - EDITION STATEMENT | |
| Edition statement | 2. éd. |
| 260 ## - PUBLICATION, DISTRIBUTION, ETC. | |
| Place of publication, distribution, etc. | Paris, |
| Name of publisher, distributor, etc. | L. Cerf, |
| Date of publication, distribution, etc. | 1894. |
| 300 ## - PHYSICAL DESCRIPTION | |
| Extent | xxxv, 185 p. ; |
| Dimensions | 19 cm. |
| 650 #0 - SUBJECT ADDED ENTRY--TOPICAL TERM | |
| Topical term or geographic name entry element | Women |
| General subdivision | Education |
| Geographic subdivision | France. |
| 600 10 - SUBJECT ADDED ENTRY--PERSONAL NAME | |
| Personal name | Maintenon, |
| Titles and other words associated with a name | Madame de, |
| Dates associated with a name | 1635-1719. |
No items available.